Welcome to the Holygrace Academy Library

Please use search bar below to get started

RUSTY AND THE LEOPARD (Record no. 8474)

MARC details
000 -LEADER
fixed length control field 00280nam a22001217a 4500
082 ## - DEWEY DECIMAL CLASSIFICATION NUMBER
Classification number 823
Item number BON/R
100 ## - MAIN ENTRY--AUTHOR NAME
Personal name BOND,RUSKIN
245 ## - TITLE STATEMENT
Title RUSTY AND THE LEOPARD
246 ## - VARYING FORM OF TITLE
Title proper/short title RUSTY AND THE LEOPARD
Remainder of title RUSTY AND THE LEOPARD
260 ## - PUBLICATION, DISTRIBUTION, ETC. (IMPRINT)
Place of publication NEW DELHI
Name of publisher PUFFIN
300 ## - PHYSICAL DESCRIPTION
Number of Pages 299
942 ## - ADDED ENTRY ELEMENTS (KOHA)
Koha item type Books
Holdings
Withdrawn status Lost status Collection code Home library Current library Shelving location Date acquired Source of acquisition Cost, normal purchase price Full call number Accession Number Koha item type
    Fiction Main Library Main Library SHELF-14B -ALPHABETICAL -B--ENGLISH NOVELS & FICTIONS 07/11/2016 PURCHASED 250.00 823 BON/R 09820 Books